Solidaridad americana; (Record no. 89922)

MARC details
000 -LEADER
fixed length control field 00930cam a22002531 4500
001 - CONTROL NUMBER
control field sd 43000030
003 - CONTROL NUMBER IDENTIFIER
control field DLC
005 - DATE AND TIME OF LATEST TRANSACTION
control field 20260227112734.0
008 - FIXED-LENGTH DATA ELEMENTS--GENERAL INFORMATION
fixed length control field 790214s1941 uy f000 0 spa c
010 ## - LIBRARY OF CONGRESS CONTROL NUMBER
LC control number sd 43000030
035 ## - SYSTEM CONTROL NUMBER
System control number (OCoLC)4654584
040 ## - CATALOGING SOURCE
Original cataloging agency United States. Dept. of State. Library
Transcribing agency TxU
Modifying agency TxU
-- OCoLC
-- DLC
042 ## - AUTHENTICATION CODE
Authentication code premarc
050 00 - LIBRARY OF CONGRESS CALL NUMBER
Classification number F1418
Item number .U76
082 ## - DEWEY DECIMAL CLASSIFICATION NUMBER
Classification number 970
110 1# - MAIN ENTRY--CORPORATE NAME
Corporate name or jurisdiction name as entry element Uruguay.
Subordinate unit Ministerio de Relaciones Exteriores.
245 10 - TITLE STATEMENT
Title Solidaridad americana;
Remainder of title consulta sobre el caso de un estado americano en una guerra extracontinental ...
260 ## - PUBLICATION, DISTRIBUTION, ETC.
Place of publication, distribution, etc. Montevideo,
Name of publisher, distributor, etc. Imprenta "El Siglo Ilustrado,"
Date of publication, distribution, etc. 1941.
300 ## - PHYSICAL DESCRIPTION
Extent 2 p. l., 40 p.
Dimensions 25 cm.
500 ## - GENERAL NOTE
General note At head of title: Ministerio de Relaciones Exteriores.
500 ## - GENERAL NOTE
General note "Apartado del Boletín del Ministerio de Relaciones Exteriores, tomo XII, no. 2."
651 #0 - SUBJECT ADDED ENTRY--GEOGRAPHIC NAME
Geographic name America
General subdivision Foreign relations.
650 #0 - SUBJECT ADDED ENTRY--TOPICAL TERM
Topical term or geographic name entry element World War, 1939-1945.

No items available.

Powered by Koha